[Event "EOBCC 2020"]
[Site "Online"]
[Date "2020.12.18"]
[Round "10.119"]
[White "Parol, Pola"]
[Black "Vitenberg, Noam Aviv"]
[Result "0-1"]
[WhiteElo "2069"]
[BlackElo "2320"]
[Annotator "NA"]
[PlyCount "190"]
[EventDate "2020.12.18"]
[EventType "tourn"]
[EventCountry "NET"]
[SourceTitle "playchess.com"]
[Source "ChessBase"]
[SourceQuality "1"]

1. e4 c6 2. d4 d5 3. Nc3 dxe4 4. Nxe4 Bf5 5. Ng3 Bg6 6. Nf3 Nf6 7. Ne5 Nbd7 8. Nxg6 hxg6 9. Bd3 e5 10. c3 exd4 11. cxd4 Bb4+ 12. Bd2 Qa5 13. a3 Bxd2+ 14. Qxd2 Qxd2+ 15. Kxd2 O-O-O 16. Kc2 Ng4 17. Ne4 Ndf6 18. f3 Ne3+ 19. Kc3 Nfd5+ 20. Kd2 Nxg2 21. Ng5 Rhf8 22. b4 Ndf4 23. Kc3 Nh4 24. Rhe1 f6 25. Ne6 Nxe6 26. Rxe6 Nxf3 27. Bxg6 Nxd4 28. Re7 Nb5+ 29. Kc2 Rh8 30. Rh1 Nd4+ 31. Kb2 Nf3 32. Rxg7 Rd2+ 33. Kc3 Rf2 34. Bf5+ Kb8 35. Be4 Ng5 36. Bd3 Rhxh2 37. Rxh2 Rxh2 38. Rg8+ Kc7 39. Rf8 Rf2 40. Kd4 Kd6 41. Rd8+ Kc7 42. Rg8 Rf4+ 43. Ke3 Rf3+ 44. Kd4 b6 45. Rg7+ Kb8 46. Rg8+ Kc7 47. Rg7+ Kd6 48. Rxa7 Ne6+ 49. Ke4 Rh3 50. Bc4 Nc7 51. Rb7 b5 52. Bf7 Rxa3 53. Kf5 Rf3+ 54. Ke4 Rf1 55. Rb8 Rb1 56. Kf5 Ke7 57. Bg6 Rxb4 58. Rb7 Kd6 59. Kxf6 Nd5+ 60. Kf5 Rf4+ 61. Kg5 Rf1 62. Bd3 Rg1+ 63. Kf5 Kc5 64. Ke4 Rg3 65. Bf1 Re3+ 66. Kf5 Rf3+ 67. Ke4 Rxf1 68. Kd3 Rf3+ 69. Kc2 Rf4 70. Kb3 Rc4 71. Kb2 Rb4+ 72. Kc2 Rc4+ 73. Kb2 Rd4 74. Kb3 b4 75. Rb8 Rc4 76. Kb2 Rc3 77. Kb1 Ne3 78. Kb2 Nc4+ 79. Kb1 Rb3+ 80. Kc2 Rc3+ 81. Kb1 Nd6 82. Rh8 Nb5 83. Rh5+ Kc4 84. Rh4+ Kb3 85. Rh2 Na3+ 86. Ka1 Rd3 87. Rb2+ Ka4 88. Rh2 b3 89. Kb2 Nc4+ 90. Kb1 Rc3 91. Rh4 Kb4 92. Rh8 Na3+ 93. Kb2 Rc2+ 94. Ka1 Rc1+ 95. Kb2 Rb1# 0-1

[Event "EOBCC 2020"]
[Site "Online"]
[Date "2020.12.18"]
[Round "10.120"]
[White "Wikar, Martyna"]
[Black "Klim, Filip"]
[Result "1-0"]
[WhiteElo "2171"]
[BlackElo "1897"]
[Annotator "NA"]
[PlyCount "63"]
[EventDate "2020.12.18"]
[EventType "tourn"]
[EventCountry "NET"]
[SourceTitle "playchess.com"]
[Source "ChessBase"]
[SourceQuality "1"]

1. e4 e5 2. Nf3 Nc6 3. Bc4 Bc5 4. O-O Nf6 5. d3 h6 6. Nbd2 d6 7. c3 a6 8. Bb3 Ba7 9. h3 g5 10. Nh2 h5 11. Ndf3 g4 12. Ng5 g3 13. Bxf7+ Ke7 14. Nhf3 gxf2+ 15. Kh1 Bg4 16. d4 Qf8 17. dxe5 Nxe5 18. Bb3 Nxe4 19. Kh2 Nxf3+ 20. gxf3 Qf6 21. Nxe4 Qe5+ 22. Kg2 Rag8 23. Bg5+ Rxg5 24. Nxg5 Qxg5 25. fxg4 hxg4 26. Qxg4 Qe5 27. Qg3 Qf6 28. Rxf2 Bxf2 29. Qxf2 Qxf2+ 30. Kxf2 Rxh3 31. Re1+ Kd7 32. Be6+ 1-0

[Event "EOBCC 2020"]
[Site "Online"]
[Date "2020.12.18"]
[Round "10.121"]
[White "Hertlein, Irena"]
[Black "Wolagiewicz, Kinga"]
[Result "1-0"]
[WhiteElo "1893"]
[BlackElo "1791"]
[Annotator "NA"]
[PlyCount "85"]
[EventDate "2020.12.18"]
[EventType "tourn"]
[EventCountry "NET"]
[SourceTitle "playchess.com"]
[Source "ChessBase"]
[SourceQuality "1"]

1. d4 d5 2. Bf4 Nf6 3. e3 e6 4. Nf3 c5 5. c3 Nc6 6. Nbd2 Be7 7. Bd3 b6 8. Bb5 Bd7 9. Bd3 O-O 10. Ne5 c4 11. Bc2 b5 12. a3 a5 13. h4 b4 14. axb4 axb4 15. O-O b3 16. Rxa8 Qxa8 17. Bb1 Nxe5 18. dxe5 Ne8 19. Nf3 Kh8 20. Ng5 Bxg5 21. hxg5 g6 22. Qg4 Ng7 23. Qh3 Nh5 24. g4 Nxf4 25. exf4 Kg7 26. f5 exf5 27. gxf5 Rh8 28. f6+ Kg8 29. Qxd7 Qb8 30. f4 h5 31. e6 Rh7 32. Qxd5 fxe6 33. Qxe6+ Rf7 34. Bxg6 Qa7+ 35. Rf2 h4 36. Qe8+ Rf8 37. f7+ Kg7 38. Qe5+ Kxg6 39. Qf6+ Kh5 40. Qh6+ Kg4 41. g6 Kg3 42. Qg5+ Kh3 43. Qg2# 1-0

[Event "EOBCC 2020"]
[Site "Online"]
[Date "2020.12.18"]
[Round "11.1"]
[White "Wojtaszek, Radoslaw"]
[Black "Onischuk, Vladimir"]
[Result "1/2-1/2"]
[WhiteElo "2705"]
[BlackElo "2633"]
[Annotator "ChessBase"]
[PlyCount "128"]
[EventDate "2020.12.18"]
[EventType "tourn"]
[EventCountry "NET"]
[SourceTitle "playchess.com"]
[Source "ChessBase"]
[SourceQuality "1"]

1. c4 g6 2. g3 Bg7 3. d4 d6 4. Bg2 Nf6 5. Nc3 O-O 6. Nf3 Nc6 7. O-O e5 8. dxe5 dxe5 9. Bg5 Be6 10. Qc1 Qc8 11. Rd1 Nd7 12. Bh6 f6 13. b3 Rf7 14. Bxg7 Kxg7 15. h4 Qf8 16. Nd5 Nb6 17. Qb2 Rd8 18. Nc3 Rfd7 19. Rxd7+ Rxd7 20. Ne4 Bf5 21. Nfd2 h6 22. e3 Nb4 23. a3 Nd3 24. Qc3 Bxe4 25. Nxe4 f5 26. Nd2 c6 27. Bf1 Nc5 28. b4 Nca4 29. Qxe5+ Qf6 30. Nf3 c5 31. Rc1 Qxe5 32. Nxe5 Rd2 33. Bg2 Kf6 34. f4 Nd7 35. Bxb7 Nxe5 36. fxe5+ Kxe5 37. Bc6 Nb2 38. bxc5 Nd3 39. Rb1 Nxc5 40. Bf3 Rd3 41. Rb5 Kd6 42. Kf2 Rxa3 43. Rb8 Ra2+ 44. Kg1 g5 45. hxg5 hxg5 46. g4 fxg4 47. Bxg4 a5 48. Rd8+ Kc6 49. Bf3+ Kc7 50. Rg8 a4 51. Rxg5 Kb6 52. Rg8 a3 53. Rb8+ Kc7 54. Ra8 Kd6 55. Bd5 Nd3 56. Kf1 Kc5 57. e4 Kb4 58. c5 Ra1+ 59. Ke2 Nxc5 60. Ke3 Re1+ 61. Kd4 Rd1+ 62. Ke3 Re1+ 63. Kd4 Rd1+ 64. Ke3 Re1+ 1/2-1/2

[Event "EOBCC 2020"]
[Site "Online"]
[Date "2020.12.18"]
[Round "11.3"]
[White "Shirov, Alexei"]
[Black "Navara, David"]
[Result "1/2-1/2"]
[WhiteElo "2662"]
[BlackElo "2697"]
[Annotator "TA"]
[PlyCount "35"]
[EventDate "2020.12.18"]
[EventType "tourn"]
[EventCountry "NET"]
[SourceTitle "playchess.com"]
[Source "ChessBase"]
[SourceQuality "1"]

1. e4 e5 2. Nf3 Nc6 3. Bb5 Nf6 4. O-O Nxe4 5. Re1 Nd6 6. Nxe5 Be7 7. Bf1 Nxe5 8. Rxe5 O-O 9. Nc3 Bf6 10. Re1 Re8 11. Nd5 Rxe1 12. Nxf6+ Qxf6 13. Qxe1 b6 14. d3 Bb7 15. Qc3 Qxc3 16. bxc3 Re8 17. c4 Bc6 18. Bf4 1/2-1/2

[Event "EOBCC 2020"]
[Site "Online"]
[Date "2020.12.18"]
[Round "11.5"]
[White "Pantsulaia, Levan"]
[Black "Sarana, Alexey"]
[Result "1-0"]
[WhiteElo "2553"]
[BlackElo "2636"]
[Annotator "ChessBase"]
[PlyCount "113"]
[EventDate "2020.12.18"]
[EventType "tourn"]
[EventCountry "NET"]
[SourceTitle "playchess.com"]
[Source "ChessBase"]
[SourceQuality "1"]

1. Nf3 d5 2. g3 Nf6 3. Bg2 g6 4. b3 Bg7 5. Bb2 O-O 6. c4 c6 7. d3 Nbd7 8. Nbd2 Re8 9. O-O e5 10. cxd5 cxd5 11. e4 d4 12. Nc4 Bf8 13. a4 b6 14. Nxd4 exd4 15. e5 Rb8 16. exf6 Nxf6 17. Re1 Be6 18. Qd2 Bg7 19. Ne5 Rc8 20. Nc6 Qd7 21. Nxd4 Bd5 22. Rxe8+ Rxe8 23. Re1 Rd8 24. Qe2 Bxg2 25. Kxg2 Qd5+ 26. Qf3 Qxf3+ 27. Nxf3 Rxd3 28. Rc1 Rd8 29. Bd4 h5 30. Rc7 Ne8 31. Rc4 Nd6 32. Rc7 Bxd4 33. Nxd4 Ne4 34. Nf3 a5 35. Rc6 Rb8 36. Ne5 Nc5 37. Nc4 Nxb3 38. Rxb6 Rxb6 39. Nxb6 Kf8 40. Kf3 Ke7 41. Ke4 Kd6 42. Nc4+ Kc5 43. Nxa5 Nxa5 44. Ke5 Nc6+ 45. Kf6 Kd4 46. Kxf7 g5 47. Kg6 g4 48. Kxh5 Ne5 49. a5 Kc5 50. Kg5 Kb5 51. Kf4 Nd3+ 52. Kxg4 Nxf2+ 53. Kf5 Kxa5 54. h4 Nd1 55. h5 Ne3+ 56. Kg6 Kb6 57. h6 1-0

[Event "EOBCC 2020"]
[Site "Online"]
[Date "2020.12.18"]
[Round "11.6"]
[White "Deac, Bogdan-Daniel"]
[Black "Sjugirov, Sanan"]
[Result "1-0"]
[WhiteElo "2625"]
[BlackElo "2663"]
[Annotator "ChessBase"]
[PlyCount "121"]
[EventDate "2020.12.18"]
[EventType "tourn"]
[EventCountry "NET"]
[SourceTitle "playchess.com"]
[Source "ChessBase"]
[SourceQuality "1"]

1. Nf3 Nf6 2. d4 g6 3. Nbd2 Bg7 4. e4 d6 5. Bb5+ c6 6. Bd3 O-O 7. O-O Nbd7 8. Re1 e5 9. c3 Re8 10. a4 d5 11. dxe5 Nxe5 12. Nxe5 Rxe5 13. Nf3 Re8 14. e5 Nd7 15. Bf4 Nc5 16. h3 Nxd3 17. Qxd3 Bf5 18. Qd4 Qc8 19. Bg3 a5 20. Nd2 c5 21. Qf4 Qc6 22. Nf3 h6 23. Nh2 Re6 24. Ng4 Bxg4 25. Qxg4 Rae8 26. f4 b5 27. axb5 Qxb5 28. Qe2 c4 29. Qc2 Rb8 30. Ra2 Bf8 31. f5 gxf5 32. Qxf5 Rb7 33. Kh2 Qb6 34. Rea1 Rg6 35. Qf3 d4 36. cxd4 Rd7 37. d5 Qd4 38. Rxa5 Bg7 39. Ra8+ Kh7 40. Re1 Qxb2 41. e6 fxe6 42. Rxe6 Qc2 43. Rae8 c3 44. Rc8 Qb1 45. Rcc6 Rxe6 46. dxe6 Rd1 47. Bf4 Rh1+ 48. Kg3 Qg6+ 49. Qg4 Qd3+ 50. Qf3 Qg6+ 51. Qg4 Qd3+ 52. Qf3 Qb1 53. e7 Re1 54. Rc7 Qg6+ 55. Kh2 Re6 56. Qb7 Qf5 57. Bg3 Qf1 58. e8=Q Rxe8 59. Rxg7+ Kh8 60. Rh7+ Kg8 61. Qg7# 1-0

[Event "EOBCC 2020"]
[Site "Online"]
[Date "2020.12.18"]
[Round "11.7"]
[White "Cheparinov, Ivan"]
[Black "Demidov, Mikhail"]
[Result "0-1"]
[WhiteElo "2688"]
[BlackElo "2526"]
[Annotator "ChessBase"]
[PlyCount "70"]
[EventDate "2020.12.18"]
[EventType "tourn"]
[EventCountry "NET"]
[SourceTitle "playchess.com"]
[Source "ChessBase"]
[SourceQuality "1"]

1. Nf3 Nf6 2. c4 c6 3. d4 d5 4. e3 Bf5 5. Nc3 e6 6. Nh4 Be4 7. f3 Bg6 8. Qb3 Qc7 9. Bd2 a6 10. c5 Nbd7 11. Na4 Be7 12. Nxg6 hxg6 13. O-O-O e5 14. g4 g5 15. Be2 Kf8 16. h4 Rxh4 17. Rxh4 gxh4 18. g5 Nh5 19. f4 Ng3 20. Bg4 f5 21. Bh3 exd4 22. exd4 g6 23. Qf3 Kf7 24. Be1 Nf8 25. Bxg3 hxg3 26. Bxf5 gxf5 27. Qh5+ Kg8 28. Rh1 Qxf4+ 29. Kb1 Qxg5 30. Qh8+ Kf7 31. Qe5 g2 32. Rg1 f4 33. Qe2 Qf5+ 34. Ka1 f3 35. Qf2 Bf6 0-1

[Event "EOBCC 2020"]
[Site "Online"]
[Date "2020.12.18"]
[Round "11.8"]
[White "Moranda, Wojciech"]
[Black "Yilmaz, Mustafa"]
[Result "1/2-1/2"]
[WhiteElo "2618"]
[BlackElo "2630"]
[Annotator "ChessBase"]
[PlyCount "129"]
[EventDate "2020.12.18"]
[EventType "tourn"]
[EventCountry "NET"]
[SourceTitle "playchess.com"]
[Source "ChessBase"]
[SourceQuality "1"]

1. d4 Nf6 2. c4 e6 3. Nf3 d5 4. Nc3 Bb4 5. Qb3 c5 6. dxc5 Na6 7. a3 Bxc3+ 8. Qxc3 Nxc5 9. cxd5 Nce4 10. Qd4 Qxd5 11. Qxd5 Nxd5 12. Nd2 Nc5 13. e4 Nf4 14. Nc4 Nb3 15. Rb1 Nxc1 16. Rxc1 Ke7 17. Kd2 Bd7 18. Ne5 Rhc8 19. Rxc8 Rxc8 20. Ke3 Ng6 21. Nxd7 Kxd7 22. Bb5+ Ke7 23. Rd1 Ne5 24. Rd2 a6 25. Be2 g5 26. g3 Nc4+ 27. Bxc4 Rxc4 28. f3 Rc1 29. Kd3 h5 30. Kd4 Kd6 31. Ke3+ Ke7 32. Kd4 h4 33. gxh4 gxh4 34. Ke3 b5 35. Kf2 Kf6 36. f4 a5 37. Kf3 Rg1 38. Rc2 h3 39. Rc5 Rg2 40. Rxb5 a4 41. Rh5 Rxh2 42. Kg3 Rxb2 43. Rxh3 Rb3+ 44. Kg4 e5 45. Rf3 Ke6 46. fxe5 Kxe5 47. Rxf7 Rxa3 48. Re7+ Kd6 49. Ra7 Ke6 50. Kf4 Ra1 51. Ra6+ Kd7 52. Ke5 a3 53. Kd4 a2 54. Ke5 Kc7 55. Ke6 Kb7 56. Ra4 Kb6 57. e5 Kc7 58. Ra5 Kb6 59. Ra3 Kc7 60. Rc3+ Kb6 61. Rc2 Kb5 62. Ke7 Kb4 63. Rh2 Re1 64. Rxa2 Rxe5+ 65. Kd6 1/2-1/2

[Event "EOBCC 2020"]
[Site "Online"]
[Date "2020.12.18"]
[Round "11.9"]
[White "Meier, Georg"]
[Black "Sanal, Vahap"]
[Result "1/2-1/2"]
[WhiteElo "2628"]
[BlackElo "2557"]
[Annotator "ChessBase"]
[PlyCount "147"]
[EventDate "2020.12.18"]
[EventType "tourn"]
[EventCountry "NET"]
[SourceTitle "playchess.com"]
[Source "ChessBase"]
[SourceQuality "1"]

1. Nf3 d6 2. d4 c5 3. d5 g6 4. e4 Bg7 5. Bd3 Bg4 6. Nbd2 a6 7. a4 Nf6 8. O-O O-O 9. Re1 Nbd7 10. h3 Bxf3 11. Nxf3 Ne8 12. a5 Nc7 13. c3 b5 14. axb6 Nxb6 15. Bg5 Re8 16. Qd2 a5 17. h4 Qd7 18. g3 e6 19. dxe6 Nxe6 20. Bh6 a4 21. Bxg7 Kxg7 22. h5 Rad8 23. h6+ Kg8 24. Qe2 Nc7 25. Qe3 Qe7 26. Qg5 f6 27. Qd2 Qf8 28. Bc2 g5 29. Bxa4 Nxa4 30. Rxa4 Qxh6 31. Ra7 Ne6 32. b4 Kh8 33. b5 Qh5 34. Nh2 g4 35. Qd5 Ng5 36. Qf5 Rf8 37. Nxg4 Rde8 38. Re3 Rxe4 39. Kg2 Qh3+ 40. Kg1 Qxg4 41. Qxg4 Rxg4 42. b6 Rb8 43. Ree7 Nf3+ 44. Kf1 Rxb6 45. Kg2 Ne5 46. Rxh7+ Kg8 47. Rhc7 Rb8 48. f4 Nc4 49. Kf3 Rg6 50. g4 Nd2+ 51. Ke3 Nf1+ 52. Kf2 Nh2 53. g5 fxg5 54. f5 Rh6 55. Kg3 g4 56. f6 Nf1+ 57. Kxg4 Rxf6 58. Rg7+ Kh8 59. Rh7+ Kg8 60. Rag7+ Kf8 61. Ra7 Ke8 62. Rae7+ Kd8 63. Ra7 Ne3+ 64. Kg5 Rf5+ 65. Kg6 Ke8 66. Rhe7+ Kf8 67. Rh7 Ke8 68. Rhe7+ Kd8 69. Rh7 Rf8 70. Rhd7+ Ke8 71. Re7+ Kd8 72. Red7+ Ke8 73. Re7+ Kd8 74. Red7+ 1/2-1/2

[Event "EOBCC 2020"]
[Site "Online"]
[Date "2020.12.18"]
[Round "11.11"]
[White "Sargissian, Gabriel"]
[Black "Gazik, Viktor"]
[Result "1-0"]
[WhiteElo "2682"]
[BlackElo "2542"]
[Annotator "TA"]
[PlyCount "51"]
[EventDate "2020.12.18"]
[EventType "tourn"]
[EventCountry "NET"]
[SourceTitle "playchess.com"]
[Source "ChessBase"]
[SourceQuality "1"]

1. d4 Nf6 2. Nf3 g6 3. c4 Bg7 4. Nc3 O-O 5. e4 d6 6. Be2 Bg4 7. O-O Nc6 8. Be3 Nd7 9. d5 Na5 10. Nd4 Bxe2 11. Qxe2 c5 12. dxc6 bxc6 13. Rac1 Rb8 14. b3 Qc7 15. Rfd1 Nb7 16. h4 a5 17. h5 Nbc5 18. h6 Bh8 19. Nf3 Rb4 20. e5 Nxe5 21. Nxe5 Bxe5 22. Bxc5 dxc5 23. g3 Bd4 24. Qf3 Rbb8 25. Ne2 e5 26. Qf6 1-0

[Event "EOBCC 2020"]
[Site "Online"]
[Date "2020.12.18"]
[Round "11.12"]
[White "Livaic, Leon"]
[Black "Bluebaum, Matthias"]
[Result "0-1"]
[WhiteElo "2507"]
[BlackElo "2672"]
[Annotator "ChessBase"]
[PlyCount "102"]
[EventDate "2020.12.18"]
[EventType "tourn"]
[EventCountry "NET"]
[SourceTitle "playchess.com"]
[Source "ChessBase"]
[SourceQuality "1"]

1. d4 d5 2. c4 e6 3. Nf3 Nf6 4. Nc3 Nbd7 5. cxd5 exd5 6. Qc2 c6 7. Bg5 Be7 8. e3 O-O 9. Bd3 Re8 10. O-O h6 11. Bh4 Ne4 12. Bxe7 Qxe7 13. Rae1 f5 14. Nd2 Nxd2 15. Qxd2 Nf6 16. f3 Qd6 17. Bc2 Bd7 18. Ne2 Nh5 19. Nc1 f4 20. e4 dxe4 21. fxe4 c5 22. d5 c4 23. Ne2 Qe5 24. Nxf4 Nxf4 25. Rxf4 Rac8 26. Bd1 b5 27. Ref1 Re7 28. a3 a5 29. Bg4 Bxg4 30. Rxg4 Kh7 31. Rf5 Qd6 32. Qxa5 c3 33. bxc3 Qc5+ 34. Kh1 Qe3 35. h3 Rxe4 36. Rxe4 Qxe4 37. Rf3 Qxd5 38. Qb4 Re8 39. Kh2 Re2 40. Qf4 Rc2 41. Rg3 Qe6 42. Qd4 g5 43. Re3 Qf5 44. Re7+ Kg6 45. Rg7+ Kh5 46. Qd1+ Kh4 47. Qe1+ Kh5 48. Qd1+ Kh4 49. Rd7 Qf4+ 50. Kg1 Rc1 51. g3+ Qxg3+ 0-1

[Event "EOBCC 2020"]
[Site "Online"]
[Date "2020.12.18"]
[Round "11.13"]
[White "Saric, Ivan"]
[Black "Krzyzanowski, Marcin"]
[Result "1-0"]
[WhiteElo "2652"]
[BlackElo "2503"]
[Annotator "ChessBase"]
[PlyCount "135"]
[EventDate "2020.12.18"]
[EventType "tourn"]
[EventCountry "NET"]
[SourceTitle "playchess.com"]
[Source "ChessBase"]
[SourceQuality "1"]

1. e4 e5 2. Nf3 Nc6 3. d4 exd4 4. Bc4 Nf6 5. e5 d5 6. Bb5 Ne4 7. Nxd4 Bd7 8. Bxc6 bxc6 9. O-O Bc5 10. f3 Ng5 11. f4 Ne4 12. Be3 Bb6 13. Nc3 Nxc3 14. bxc3 Qe7 15. a4 a5 16. Re1 O-O 17. Bf2 c5 18. Nb5 Bxb5 19. axb5 Rad8 20. f5 Qg5 21. Qf3 Rfe8 22. h4 Qh6 23. Rad1 d4 24. f6 g6 25. e6 Rxe6 26. Rxe6 fxe6 27. f7+ Kf8 28. Re1 Rd7 29. Rxe6 Rxf7 30. Qa8+ Kg7 31. Bg3 Qc1+ 32. Kh2 Rf1 33. Be5+ Kh6 34. Qe4 a4 35. Bf6 Rh1+ 36. Kg3 Qe3+ 37. Qxe3+ dxe3 38. Re7 g5 39. hxg5+ Kg6 40. Kg4 h5+ 41. Kf4 Rf1+ 42. Ke5 h4 43. Rg7+ Kh5 44. Rh7+ Kg4 45. g6 e2 46. Rxh4+ Kg3 47. Re4 e1=Q 48. Rxe1 Rxe1+ 49. Kf5 Re8 50. c4 Ba5 51. g7 Bd2 52. Kg6 Be3 53. Kf7 Ra8 54. Be5+ Kxg2 55. Bxc7 a3 56. b6 a2 57. b7 a1=Q 58. bxa8=Q+ Qxa8 59. g8=Q+ Qxg8+ 60. Kxg8 Kf3 61. Kf7 Ke2 62. Ke6 Kd2 63. Kd5 Kc3 64. Bd6 Kb4 65. Bxc5+ Bxc5 66. c3+ Ka5 67. Kxc5 Ka6 68. Kc6 1-0

[Event "EOBCC 2020"]
[Site "Online"]
[Date "2020.12.18"]
[Round "11.14"]
[White "Hakobyan, Aram"]
[Black "Jakubowski, Krzysztof"]
[Result "1-0"]
[WhiteElo "2598"]
[BlackElo "2497"]
[Annotator "ChessBase"]
[PlyCount "55"]
[EventDate "2020.12.18"]
[EventType "tourn"]
[EventCountry "NET"]
[SourceTitle "playchess.com"]
[Source "ChessBase"]
[SourceQuality "1"]

1. c4 e6 2. Nc3 d5 3. d4 Nf6 4. Bg5 Be7 5. e3 O-O 6. Nf3 Nbd7 7. Rc1 a6 8. cxd5 exd5 9. Bd3 c6 10. O-O Re8 11. Qc2 Nf8 12. h3 g6 13. Rb1 Ne6 14. Bxf6 Bxf6 15. b4 Ng7 16. a4 Nf5 17. b5 cxb5 18. axb5 a5 19. b6 Be6 20. Nb5 Qxb6 21. Nc7 Qa7 22. Qa4 Nd6 23. Nxe8 Rxe8 24. Rfc1 Rb8 25. Nd2 Kg7 26. Ra1 Bd8 27. Qa3 Qb6 28. Rab1 1-0

[Event "EOBCC 2020"]
[Site "Online"]
[Date "2020.12.18"]
[Round "11.15"]
[White "Dourerassou, Jonathan"]
[Black "Kobalia, Mikhail"]
[Result "1-0"]
[WhiteElo "2477"]
[BlackElo "2590"]
[Annotator "ChessBase"]
[PlyCount "41"]
[EventDate "2020.12.18"]
[EventType "tourn"]
[EventCountry "NET"]
[SourceTitle "playchess.com"]
[Source "ChessBase"]
[SourceQuality "1"]

1. e4 c5 2. Nf3 e6 3. d4 cxd4 4. Nxd4 Nc6 5. Nc3 a6 6. Be3 Nf6 7. Bd3 d6 8. O-O Bd7 9. f4 Nxd4 10. Bxd4 Bc6 11. Qe1 Be7 12. Qg3 O-O 13. Rae1 b5 14. a3 Qb8 15. e5 dxe5 16. fxe5 Nd7 17. Ne4 Qc7 18. Nd6 Bd5 19. Qh3 g6 20. Qh6 Qd8 21. Nxf7 1-0

[Event "EOBCC 2020"]
[Site "Online"]
[Date "2020.12.18"]
[Round "11.16"]
[White "Bogner, Sebastian"]
[Black "Costachi, Mihnea"]
[Result "1/2-1/2"]
[WhiteElo "2577"]
[BlackElo "2471"]
[Annotator "ChessBase"]
[PlyCount "96"]
[EventDate "2020.12.18"]
[EventType "tourn"]
[EventCountry "NET"]
[SourceTitle "playchess.com"]
[Source "ChessBase"]
[SourceQuality "1"]

1. e4 e5 2. f4 Bc5 3. Nf3 d6 4. c3 Nf6 5. d4 exd4 6. cxd4 Bb6 7. Bd3 O-O 8. O-O Nc6 9. Be3 Re8 10. Nbd2 Bg4 11. Qb1 Bxf3 12. Nxf3 Ng4 13. Qc1 Nxe3 14. Qxe3 Nxd4 15. Nxd4 Qf6 16. Qh3 Bxd4+ 17. Kh1 Rab8 18. Rac1 Re7 19. e5 Qh6 20. Qxh6 gxh6 21. exd6 cxd6 22. b3 Re3 23. Bc4 b5 24. Bd5 Bc5 25. b4 Bxb4 26. Rc7 Rf8 27. Rxa7 Bc5 28. Rb7 b4 29. f5 Kg7 30. g3 Kf6 31. Kg2 Re5 32. Bb3 Rxf5 33. Rxf5+ Kxf5 34. Rxf7+ Rxf7 35. Bxf7 Ke4 36. Kf1 d5 37. Ke2 Bg1 38. h3 d4 39. Bc4 Be3 40. Bd3+ Ke5 41. Bxh7 Kd5 42. Bd3 Ke5 43. Kf3 Kd5 44. h4 Ke5 45. Kg4 Kf6 46. Kf3 Ke5 47. Be2 Kd5 48. Bd3 Ke5 1/2-1/2

[Event "EOBCC 2020"]
[Site "Online"]
[Date "2020.12.18"]
[Round "11.17"]
[White "Can, Isik"]
[Black "Aleksandrov, Aleksej"]
[Result "0-1"]
[WhiteElo "2380"]
[BlackElo "2574"]
[Annotator "ChessBase"]
[PlyCount "92"]
[EventDate "2020.12.18"]
[EventType "tourn"]
[EventCountry "NET"]
[SourceTitle "playchess.com"]
[Source "ChessBase"]
[SourceQuality "1"]

1. e4 e5 2. Nf3 Nc6 3. Bb5 Nf6 4. d3 d6 5. O-O Bd7 6. c4 g6 7. Nc3 Bg7 8. d4 exd4 9. Nxd4 O-O 10. Bxc6 bxc6 11. h3 Re8 12. Re1 Rb8 13. Rb1 c5 14. Nc2 Bc6 15. Qd3 Nd7 16. b3 Ne5 17. Qg3 Nxc4 18. bxc4 Rxb1 19. Nxb1 Bxe4 20. Nca3 Bxb1 21. Rxe8+ Qxe8 22. Nxb1 Qe1+ 23. Kh2 Qxc1 24. Qb3 Qf4+ 25. Kg1 Qc1+ 26. Kh2 Qb2 27. Na3 Be5+ 28. f4 Bxf4+ 29. Kg1 Qxb3 30. axb3 c6 31. Kf2 f5 32. Nb1 Kf7 33. Kf3 Be5 34. Nd2 h5 35. Nf1 g5 36. g4 fxg4+ 37. hxg4 h4 38. Ne3 h3 39. Nf5 Ke6 40. Ne3 d5 41. Nd1 Bd4 42. Kg3 Ke5 43. Kf3 h2 44. Kg2 Kf4 45. Kxh2 Kxg4 46. Kg2 Kf4 0-1

[Event "EOBCC 2020"]
[Site "Online"]
[Date "2020.12.18"]
[Round "11.18"]
[White "Barp, Alberto"]
[Black "Theodorou, Nikolas"]
[Result "0-1"]
[WhiteElo "2366"]
[BlackElo "2554"]
[Annotator "ChessBase"]
[PlyCount "96"]
[EventDate "2020.12.18"]
[EventType "tourn"]
[EventCountry "NET"]
[SourceTitle "playchess.com"]
[Source "ChessBase"]
[SourceQuality "1"]

1. d4 Nf6 2. c4 g6 3. g3 Bg7 4. Bg2 O-O 5. Nc3 d6 6. Nf3 Nc6 7. O-O e5 8. dxe5 Nxe5 9. b3 Nxf3+ 10. Bxf3 c6 11. Bf4 Bh3 12. Re1 Qa5 13. Qd2 Rad8 14. Rac1 Rfe8 15. Red1 Qf5 16. Qc2 Qc5 17. Qd2 Qf5 18. Qc2 Qe6 19. Rd2 Ng4 20. Ne4 Ne5 21. Bg2 Bxg2 22. Kxg2 Nxc4 23. bxc4 Qxe4+ 24. Qxe4 Rxe4 25. Bxd6 c5 26. Rcc2 b6 27. Kf3 f5 28. e3 Kf7 29. Ke2 Bf6 30. f3 Re6 31. Bc7 Rde8 32. Rd7+ Kg8 33. Rd3 Bg5 34. Bf4 Bf6 35. h4 R8e7 36. Kf2 Kg7 37. a4 h6 38. Re2 g5 39. hxg5 hxg5 40. Bd6 Re8 41. Rd5 Kg6 42. Rd3 Bd4 43. Bc7 R8e7 44. Bd8 Rh7 45. Kg2 Rd7 46. exd4 Rxe2+ 47. Kf1 Re8 48. d5 Rdxd8 0-1

[Event "EOBCC 2020"]
[Site "Online"]
[Date "2020.12.18"]
[Round "11.19"]
[White "Steinberg, Nitzan"]
[Black "Shahinyan, David"]
[Result "1-0"]
[WhiteElo "2553"]
[BlackElo "2452"]
[Annotator "ChessBase"]
[PlyCount "127"]
[EventDate "2020.12.18"]
[EventType "tourn"]
[EventCountry "NET"]
[SourceTitle "playchess.com"]
[Source "ChessBase"]
[SourceQuality "1"]

1. e4 d6 2. d4 Nf6 3. Nc3 e5 4. Nf3 Nbd7 5. Bc4 Be7 6. a4 O-O 7. O-O c6 8. h3 h6 9. Re1 Re8 10. b3 Qc7 11. Bb2 Nf8 12. d5 Ng6 13. a5 a6 14. Bc1 c5 15. Bf1 Nf4 16. Kh2 g5 17. g3 Ng6 18. Nd2 Bf8 19. Nc4 Rb8 20. Na4 Nd7 21. Bd2 f5 22. exf5 Ne7 23. g4 Nf6 24. Nab6 Nexd5 25. Nxd5 Nxd5 26. Bxg5 Nc3 27. Qd2 hxg5 28. Qxc3 d5 29. Nb6 e4+ 30. Kg2 Bg7 31. f6 d4 32. Nd5 Qe5 33. Qg3 Qxd5 34. Bc4 Be6 35. Bxd5 Bxd5 36. fxg7 Rbd8 37. Kh2 Rd7 38. Rad1 Bc6 39. h4 Rxg7 40. Qd6 Rf8 41. Rd2 gxh4 42. Qxc5 Rxg4 43. Rg1 Rxg1 44. Kxg1 h3 45. Kh2 Rf7 46. Qxd4 Rg7 47. Qxg7+ Kxg7 48. Kxh3 Kf6 49. c3 Ke5 50. Kg3 Bd5 51. b4 Bc4 52. Rd4 Bd5 53. Rxd5+ Kxd5 54. Kf4 Kc4 55. Kxe4 Kxc3 56. f4 Kxb4 57. f5 Kc5 58. Ke5 b5 59. f6 b4 60. f7 Kb5 61. f8=Q Kxa5 62. Kd4 Ka4 63. Kc4 a5 64. Qf3 1-0

[Event "EOBCC 2020"]
[Site "Online"]
[Date "2020.12.18"]
[Round "11.20"]
[White "Grigoriants, Sergey"]
[Black "Garayev, Kanan"]
[Result "0-1"]
[WhiteElo "2546"]
[BlackElo "2331"]
[Annotator "ChessBase"]
[PlyCount "52"]
[EventDate "2020.12.18"]
[EventType "tourn"]
[EventCountry "NET"]
[SourceTitle "playchess.com"]
[Source "ChessBase"]
[SourceQuality "1"]

1. e4 e5 2. Nf3 Nc6 3. Bb5 a6 4. Ba4 b5 5. Bb3 Na5 6. d4 exd4 7. O-O d6 8. Nxd4 c5 9. Bd5 Ra7 10. Nc6 Nxc6 11. Bxc6+ Bd7 12. Bxd7+ Rxd7 13. Nc3 h6 14. a4 b4 15. Nd5 Nf6 16. Qe2 Nxd5 17. exd5+ Be7 18. Qxa6 O-O 19. Qc4 Bf6 20. a5 Re8 21. c3 Qb8 22. Bf4 Rde7 23. Qa6 Rd8 24. Rab1 Ra7 25. Qb6 Rb7 26. Qxd6 Rxd6 0-1

[Event "EOBCC 2020"]
[Site "Online"]
[Date "2020.12.18"]
[Round "11.21"]
[White "Ahmadzada, Ahmad"]
[Black "Kollars, Dmitrij"]
[Result "1-0"]
[WhiteElo "2431"]
[BlackElo "2598"]
[Annotator "ChessBase"]
[PlyCount "63"]
[EventDate "2020.12.18"]
[EventType "tourn"]
[EventCountry "NET"]
[SourceTitle "playchess.com"]
[Source "ChessBase"]
[SourceQuality "1"]

1. d4 Nf6 2. Bf4 c5 3. e3 d5 4. Nf3 Nc6 5. c3 Qb6 6. Qb3 c4 7. Qc2 Bf5 8. Qc1 e6 9. Nbd2 Be7 10. Be2 Qd8 11. Bd1 O-O 12. Bc2 Bxc2 13. Qxc2 b5 14. O-O Nh5 15. Bg3 b4 16. e4 Nxg3 17. hxg3 Rb8 18. Rfe1 Rb7 19. Nf1 Qa5 20. exd5 exd5 21. Ne3 Rfb8 22. Qf5 Rd8 23. Ng5 Bxg5 24. Qxg5 h6 25. Qg4 bxc3 26. Nf5 g6 27. Nxh6+ Kf8 28. Qf4 Kg7 29. Ng4 Rh8 30. Re8 Rb8 31. Qf6+ Kh7 32. Qxf7# 1-0